Geografía física de la república argentina /
Guardado en:
| Autor Principal: | |
|---|---|
| Formato: | Libro |
| Publicado: |
Buenos Aires :
Kapelusz,
1962
|
| Edición: | 6a. ed. |
| Etiquetas: |
Agregar Etiqueta
Sin Etiquetas, Sea el primero en etiquetar este registro!
|
| LEADER | 00673nam a22001935a 4500 | ||
|---|---|---|---|
| 001 | CEM.cems008745 | ||
| 005 | 20060214000000.0 | ||
| 008 | 130507s1962##################000#0#####d | ||
| 003 | CEMS | ||
| 082 | 0 | 4 | |a 918.2 |
| 100 | 1 | |a Rampa, Alfredo C. | |
| 245 | 1 | 0 | |a Geografía física de la república argentina / |
| 250 | |a 6a. ed. | ||
| 260 | |a Buenos Aires : |b Kapelusz, |c 1962 | ||
| 300 | |a 291 p.1 | ||
| 859 | |a CEMS |b BIB. CEMS - 11 de abril |h 918.2 |i R147a6 |p 10378.82 |t Ej.4 | ||
| 859 | |a CEMS |b BIB. CEMS - 11 de abril |h 918.2 |i R147a6 |p 6149.77 |t Ej.2 | ||
| 859 | |a CEMS |b BIB. CEMS - 11 de abril |h 918.2 |i R147a6 |p 6150.77 |t Ej.1 | ||
| 859 | |a CEMS |b BIB. CEMS - 11 de abril |h 918.2 |i R147a6 |p 6168.77 |t Ej.3 | ||
